| 000 | 00627nam a2200205Ia 4500 | ||
|---|---|---|---|
| 003 | IN-BaIIA | ||
| 008 | 211028s9999 xx 000 0 eng d | ||
| 020 | _a0-471-85371-2 | ||
| 040 | _cIIA Library | ||
| 080 |
_a520.2 _bTEX |
||
| 100 |
_aTexerau, Jean _910766 |
||
| 245 | 0 |
_aHow to make a telescope _cJean Texerau |
|
| 260 |
_aNew York _bInterscience Publishers _c1957 |
||
| 300 | _axiii, 191p. | ||
| 650 | _aAstronomy and astrophysics thesaurus | ||
| 650 |
_aTelescopes _91997 |
||
| 650 |
_aTelescopes construction _910767 |
||
| 650 |
_aTelescopes design _910768 |
||
| 942 | _cBK | ||
| 999 |
_c6267 _d6267 |
||